000 01042nas a2200325 4500
001 BR0301511
003 BR-BrBNA
005 20231205103641.0
007 ta
008 230509b bl.|||p| |||| 00| 00por d
040 _aBR-BrBNA
_bpor
_cBiblioteca Nacional de Agricultura
041 _a(Pt)
072 _aF62
100 1 _aMelo, B. de
100 1 _aPinto, J.E.B.P.
100 1 _aLuz, J.M.Q.
100 1 _aPeixoto, J.R.
100 1 _aJuliatti, F.C.
245 1 _aDiferentes antioxidantes no controle da oxidação, germinação e desenvolvimento das plântulas na cultura in vitro de embriões da guarirobeira (Syagrus oleracea (Mart.)Becc.)
650 _aGUARIROBA
650 _aANTIOXIDANTE
650 _aEMBRIÃO VEGETAL
650 _aOXIDAÇÃO
650 _aGERMINAÇÃO
650 _aVITAMINA C
650 _aCULTURA IN VITRO
773 0 _tCiência e Agrotecnologia (Brazil)
_xISSN 1413-7054
_g(Nov-Dec 2001), v. 25(6) p. 1301-1306
_wBR0301511
909 _a202311
_bLúcia
_c55
_dLúcia Elande
942 _2AGRIS
_n0
_cANA
999 _c174015
_d174015